000 01058cam a2200253 i 4500
999 _c57912
_d57912
001 19344581
005 20221108164235.0
008 161021s2017 nyu fb 001 0 eng
020 _a9781138699151 (Paperback) X
041 _aeng
080 _a376 H-22
245 0 0 _aHandbook of special education /
_cedited by James M. Kauffman, Daniel P. Hallahan, and Paige Cullen Pullen.
250 _aSecond Edition.
264 1 _aNew York :
_bRoutledge,
_c2017.
300 _a942 pages ;
_c29 cm.
650 0 _aSpecial education
_zUnited States
_vHandbooks, manuals, etc.
_910918
653 _aპედაგოგიკა
653 _aსპეც. განათლება
700 1 _aKauffman, James M.,
_eრედაქტორი
_910585
700 1 _aHallahan, Daniel P.,
_d1944-
_eრედაქტორი
_910919
700 1 _aPullen, Paige C.,
_eრედაქტორი
_910920
776 0 8 _iOnline version:
_tHandbook of special education
_bSecond Edition.
_dNew York : Routledge, 2017
_z9781315517698
_w(DLC) 2016049291
942 _2udc
_cBK